000 01288nam a22003737a 4500
003 CHAP
005 20220817044110.0
008 060504d2006 mx r 00110 spa d
010 _a92135
011 _a93107
035 _a103678
040 _cCHAP
090 _aTesis
100 1 _aJiménez Hernández, Isidro.
_961546
245 1 0 _aFormulación econométrica prospectiva en pollo de engorda
_c/por Isidro Jiménez Hernández y Víctor Velázquez Pulido
260 _aChapingo, Méx. :
_bEl autor,
_c2006.
300 _a43 h.
502 _aTesis (Ing. Esp. en Zootecnia) - - UACH. Departamento de Zootecnia
590 _aALEPH
_b10
_c20130110
_lUCH01
_h1511
590 _aBATCH-UPD
_b10
_c20130110
_lUCH01
_h0436
590 _aBATCH-UPD
_b10
_c20130410
_lUCH01
_h0112
590 _aBATCH-UPD
_b10
_c20130914
_lUCH01
_h0456
590 _aCONVERSION
_b10
_c20130109
_lUCH01
_h1351
650 1 4 _aAvicultura.
650 1 4 _aAvicultura
_xCostos de producción.
_98720
650 1 4 _aPollos
_xEngorda.
650 1 4 _aPollos
_xPrecios.
_990270
700 1 _aVelázquez Pulido, Víctor.
_9118608
901 _aBK
905 _aLilia
942 _cFOLL
949 _aTesis
_bBC
_cTES
_d33724000985446
_eTS2
_fc.2
_h45070
_i103678
_sb
949 _aTesis
_bBC
_cTES
_d33724000985503
_eTS1
_h45069
_i103678
_sb
999 _c92135
_d92135